00856nam a2200229 a 4500008004100000020003200041040002500073041001300098044001100111080001600122100003500138245011000173250001300283260004900296300002800345500008800373700002300461700002400484958000600508999001700514952009500531951123s1985||||[C 0 slo c c18 Kčs. q(18000 výtl.) aSNKbslocSNKeAACR21 aslohrus axocSK a141.82(081)1 aLenin, Vladimir Iľjič4aut10aZobrané spisy. /Zv./ 29bFilozofické zošitycVladimir Iľjič Lenin ; Ján Žigo, Oto Takáč a2., vyd. aBratislavabPravdac1985eBratislavafPravda a887 s., 39,99 AHc21 cm aLit. 230. Pozn. Reg. lit. prac., men. a vec. 230 zázn. v slov., češ. a ruš.1 aŽigo, Ján4trl1 aTakáč, Oto4bkd aA c15446d15446 011040708Ka10000b10000d2019-11-29g18.00i14471oK 024r2019-11-29w2019-11-29yOLDO